Dynamic probabilistic systems /

Guardado en:
Autor Principal: Howard, Ronald A.
Formato: Libro
Idioma:English
Publicado: New York : Wiley, c1971.
Series:Series in decision and control
Etiquetas: Agregar Etiqueta
Sin Etiquetas, Sea el primero en etiquetar este registro!
LEADER 01060cam a22002415a 4500
001 MAT.inmabb002206
008 710526s1971####nyua#####b####001#0#eng#d
005 20130423155945.0
245 1 0 |a Dynamic probabilistic systems /  |c Ronald A. Howard. 
260 |a New York :  |b Wiley,  |c c1971. 
300 |a 2 v. (xvii, 1108 [1] p.) :  |b il. ;  |c 24 cm. 
440 0 |a Series in decision and control 
500 |a "Developed from courses taught at M.I.T. and Stanford University". 
500 |a Incluye en p. 552-576 una reimpresión del paper: Extension of the limit theorems of probability theory to a sum of variables connected in a chain / by A. Markov. 
504 |a Bibliografía: v. 1, p. [577]; v. 2, p. [1109] 
505 0 |a v. 1. Markov models -- v. 2. Semi-Markov and decision processes. 
020 |a 0471416657 (v. 1) 
020 |a 0471416665 (v. 2) 
100 1 |a Howard, Ronald A. 
084 |a 90-02 (60J99 60K15 90C40)  |2 MR 
010 |a  74112593  
859 |h 60?  |i H848  |p A-3871  |v 1  |3 Vol. I  |b BIB. MATEMATICA 
859 |h 60?  |i H848  |p A-3872  |v 2  |3 Vol. II  |b BIB. MATEMATICA